| 000 | 01252nam a22002177a 4500 | ||
|---|---|---|---|
| 005 | 20251210103323.0 | ||
| 010 | _aHIN-130555 B-771851-860 25BACHN25 | ||
| 020 |
_a9789391950163 _c595.00 |
||
| 035 | _aB-771851-860 | ||
| 035 | _aHN-102901 | ||
| 037 | _bराधाकृष्ण प्रकाशन | ||
| 037 | _bDBAD | ||
| 082 | _aक | ||
| 100 |
_aपाण्डे मृणाल _985976 |
||
| 245 |
_aमाया ने घुमायोः _bबच्चों को न सुनाने लायक बालकथाएँ/ _cमृणाल पाण्डे |
||
| 260 |
_aदिल्ली _bराधाकृष्ण प्रकाशन _c2024 |
||
| 270 |
_aजी-17, जगतपुरी _bदिल्ली _e110051 |
||
| 300 |
_a215 पृ. _c23सेमी (सजिल्द) |
||
| 942 |
_cHN _2ddc _hक _mपाण्डेमृ |
||
| 999 |
_c209955 _d209955 |
||